000 01898cam a2200361 i 4500
999 _c64758
_d64758
001 825049112
003 CO-MdFUSB
005 20190125171308.0
008 130118s2013 miu b 001 0 eng
010 _a2012043064
020 _a9780801039911 (pbk. : alk. paper)
020 _a0801039916 (pbk. : alk. paper)
040 _aDLC
_bspa
_erda
_cCO-MdFUSB
_dCO-MdFUSB
_dYDXCP
_dCHVBK
_dBDX
_dBWX
_dCDX
_dXPQ
_dCFT
_dOCLCQ
_dMXL
_dOCLCA
041 _aeng
042 _apcc
082 _224
_aG 221.7
_bL856o
100 1 _aLongman, Tremper.
_eautor
245 0 0 _aOld Testament commentary survey
_c/ Tremper Longman III.
250 _aFifth edition.
264 1 _aGrand Rapids, Michigan :
_bBaker Academic,
_c℗2013.
264 4 _c©2013
300 _axiv, 159 páginas ;
_c22 cm.
336 _2rdacontent.
_atexto
_btxt
337 _2rdamedia.
_asin mediación
_bn
338 _2rdacarrier.
_avolumen
_bnc
501 _aIncluye índice (páginas 155- 159)
505 0 _aIntroducción: ¿Quién debería leer esta guía? -- Evaluación; El uso y abuso de comentarios -- Comentarios en un volumen -- Conjuntos y series de comentarios -- Comentarios individuales.
520 8 _a"Leading Old Testament scholar Tremper Longman III provides students and pastors with expert guidance on choosing a commentary for any book of the Old Testament. The fifth edition has been updated to assess the most recently published commentaries, providing evaluative comments. Longman lists a number of works available for each book of the Old Testament, gives a brief indication of their emphases and viewpoints, and evaluates them. The result is a balanced, sensible guide for those who preach and teach the Old Testament and need help in choosing the best tools."--Publisher Description.
630 0 7 _aBiblia.
_pAntiguo Testamento
942 _cBK